000
00339 a2200157 4500
001
61937
020
_a
9780194244121
040
_c
Anchieta - Pituba
100
_a
Wilson, Merinda
240
1
0
_a
The moonstone
_l
Ing
245
1
0
_a
The moonstone
300
_a
76
362
0
_a
2006
650
4
_a
Literatura juvenil em inglês
942
_c
BK
999
_c
61937
_d
61937